000 00303nas a2200133 a 4500
001 119197
003 208645
005 20201118120943.0
008 ||||||n9999 ||| || ||
245 0 _aNúmero - No.63 ( dic 2009 - ene. 2010)
562 _e7
773 _083848
_aNúmero
942 _cSISS
999 _c119197
_d119197